<?xml version="1.0" encoding="UTF-8"?>
<record
    xmlns:xsi="http://www.w3.org/2001/XMLSchema-instance"
    xsi:schemaLocation="http://www.loc.gov/MARC21/slim http://www.loc.gov/standards/marcxml/schema/MARC21slim.xsd"
    xmlns="http://www.loc.gov/MARC21/slim">

  <leader>00945nam a22001937a 4500</leader>
  <controlfield tag="005">20260525114351.0</controlfield>
  <datafield tag="020" ind1=" " ind2=" ">
    <subfield code="a">9789370035256</subfield>
  </datafield>
  <datafield tag="041" ind1=" " ind2=" ">
    <subfield code="a">ENG</subfield>
  </datafield>
  <datafield tag="082" ind1=" " ind2=" ">
    <subfield code="a">658.3</subfield>
    <subfield code="b">RAJ</subfield>
  </datafield>
  <datafield tag="100" ind1=" " ind2=" ">
    <subfield code="a">Raj Mohan, N.</subfield>
  </datafield>
  <datafield tag="245" ind1=" " ind2=" ">
    <subfield code="a">Corporate hostages :</subfield>
    <subfield code="b">roads to captivity, paths to liberation/</subfield>
    <subfield code="c">N. Raj Mohan</subfield>
  </datafield>
  <datafield tag="260" ind1=" " ind2=" ">
    <subfield code="a">New Delhi :</subfield>
    <subfield code="b">Rupa Pulications India,</subfield>
    <subfield code="c">2025.</subfield>
  </datafield>
  <datafield tag="300" ind1=" " ind2=" ">
    <subfield code="a">xvi, 182 p. ;</subfield>
    <subfield code="b">18 cm.</subfield>
  </datafield>
  <datafield tag="504" ind1=" " ind2=" ">
    <subfield code="a">Include bibliographical references.</subfield>
  </datafield>
  <datafield tag="505" ind1=" " ind2=" ">
    <subfield code="a">Part I. Consumeration -- 1. Blaming iton the globe -- 2. Complexities/Dynamics of Globalization in Indian Context --Part II. Hostages -- 3. Who are Corporate Hostages? -- 4. types og Hostage Syndromes --Part III. Concerns and Conudrums -- 5.Quick Fixes and Shortcuts -- 6. The Myth of Impermanence -- 7.Calamitous Disruption -- Part IIII. Liberation -- 8.Liberating the Mind --9. Paths of Liberation.</subfield>
  </datafield>
  <datafield tag="650" ind1=" " ind2=" ">
    <subfield code="a">Employees Psychology</subfield>
  </datafield>
  <datafield tag="650" ind1=" " ind2=" ">
    <subfield code="a">Work Environment</subfield>
  </datafield>
  <datafield tag="942" ind1=" " ind2=" ">
    <subfield code="2">ddc</subfield>
    <subfield code="c">BK</subfield>
  </datafield>
  <datafield tag="999" ind1=" " ind2=" ">
    <subfield code="c">24349</subfield>
    <subfield code="d">24349</subfield>
  </datafield>
  <datafield tag="952" ind1=" " ind2=" ">
    <subfield code="0">0</subfield>
    <subfield code="1">0</subfield>
    <subfield code="2">ddc</subfield>
    <subfield code="4">0</subfield>
    <subfield code="7">0</subfield>
    <subfield code="a">IPE</subfield>
    <subfield code="b">IPE</subfield>
    <subfield code="c">S Campus</subfield>
    <subfield code="d">2026-05-19</subfield>
    <subfield code="e">Feel Books Pvt.Ltd.</subfield>
    <subfield code="g">295.00</subfield>
    <subfield code="i">20/04/2026</subfield>
    <subfield code="l">0</subfield>
    <subfield code="o">658.3 RAJ</subfield>
    <subfield code="p">51062</subfield>
    <subfield code="r">2026-05-19 16:42:05</subfield>
    <subfield code="w">2026-05-19</subfield>
    <subfield code="y">BK</subfield>
  </datafield>
</record>
